Maha & Raja

Bibliographic Details
Main Author: Haroun Perancis
Format: Book
Published: s.l. : s.n , 19--?
Subjects:

MARC

LEADER 00000cam a2200000 7i4500
001 0000003647
002 000003928
005 20000330.0
020 |a T000000305 
090 0 0 |a 324.22   |b HAR 
100 0 |a Haroun Perancis 
245 1 0 |a Maha & Raja   |c Haroun Perancis 
260 |a s.l. :   |b s.n ,   |c 19--? 
300 |a 260p. :   |b ill ;   |c 20cm. 
650 0 0 |a Political parties   |z Malaysia 
999 |a 037114   |b BUKU   |c MALAYSIANA   |e PERPUSTAKAAN KOMUNITI PETALING JAYA